000 00491nam a2200181Ia 4500
003 GCL
008 140319s9999 xx 000 0 eng d
040 _aGCL /
_cGCL
082 0 4 _a616.12
_bT E
100 1 _aTIMMIS, ADAM D.
245 1 0 _aESSENTIALS OF CARDIOLOGY , 2ND ED /
_cTIMMIS, ADAM D.
700 1 _aNATHAN, ANTHONY W.
260 _a[S.N] :
_bBLACKWELL SCIENTIFIC PUBLICATIONS ،
_c1993
300 _a351 P
650 0 4 _aCARDIOLOGY
650 0 4 _aHEART DISEASES
942 _2ddc
_cBK
999 _c21004
_d21004